000
002680000a22000970004500
100
1
_a
Chapman, John
245
1
0
_a
Latin link : Making relationships work
300
_a
Vol. 73, Num 3 (Julio-Septiembre, 1993), Página 5
773
0
_t
Latin America Evangelist
942
_c
ANA
999
_c
54727
_d
54727